[Event "Rakovnik Regional-chT 1415"]
[Site "Rakovnik"]
[Date "2015.04.12"]
[Round "11.8"]
[White "Cizek, Ondrej"]
[Black "Kasalicky, Petr"]
[Result "0-1"]
[WhiteElo "1857"]
[BlackElo "2021"]
[PlyCount "38"]
[EventDate "2014.10.19"]
[EventType "team-tourn"]
[EventRounds "11"]
[EventCountry "CZE"]
[SourceTitle "EXT 2016"]
[Source "ChessBase"]
[SourceDate "2015.10.08"]
[SourceVersion "1"]
[SourceVersionDate "2015.10.08"]
[SourceQuality "1"]
[WhiteTeam "Pribram Pyrit"]
[BlackTeam "Ricany III"]
[WhiteTeamCountry "CZE"]
[BlackTeamCountry "CZE"]

1. e4 e5 2. Nf3 Nc6 3. d4 exd4 4. Nxd4 Qf6 5. Be3 a6 6. Be2 Qg6 7. Nxc6 dxc6 8. Bf3 Be6 9. Nd2 0-0-0 10. Qe2 Nh6 11. a3 Ng4 12. Bf4 Bc5 13. Bxg4 Bxg4 14. f3 Be6 15. 0-0-0 Qf6 16. Be3 Bxa3 17. bxa3 Qa1+ 18. Nb1 Ba2 19. Rd3 Qxb1+ 0-1

[Event "Czechia KP-chTB 0607"]
[Site "Czech Republic"]
[Date "2007.03.18"]
[Round "10.4"]
[White "Plasek, Zdenek"]
[Black "Kasalicky, Petr"]
[Result "1-0"]
[WhiteElo "2055"]
[BlackElo "2067"]
[PlyCount "81"]
[EventDate "2006.10.29"]
[EventType "team"]
[EventRounds "11"]
[EventCountry "CZE"]
[SourceTitle "EXT 2008"]
[Source "ChessBase"]
[SourceDate "2007.11.25"]
[SourceVersion "1"]
[SourceVersionDate "2007.11.25"]
[SourceQuality "1"]
[WhiteTeam "Kostelec nad CL"]
[BlackTeam "Ricany II"]
[WhiteTeamCountry "CZE"]
[BlackTeamCountry "CZE"]

1. d4 f5 2. c4 Nf6 3. g3 g6 4. Bg2 Bg7 5. Nc3 0-0 6. Nh3 d6 7. d5 Nbd7 8. Qc2 a5 9. Bd2 Nc5 10. 0-0 e5 11. dxe6 Bxe6 12. b3 Nfe4 13. Nxe4 fxe4 14. Bc3 Bf5 15. Bxg7 Kxg7 16. Nf4 Rf7 17. Nd5 Kg8 18. Qc3 Qf8 19. Rad1 Qg7 20. Qe3 Qe5 21. Rd2 Re8 22. h4 Bg4 23. Nf4 Bd7 24. Rd5 Qf6 25. Bh3 Bxh3 26. Nxh3 Re5 27. Rxe5 Qxe5 28. Rd1 Qf6 29. Kg2 Kg7 30. Rd5 h6 31. Nf4 Kh7 32. a3 c6 33. Rd4 g5 34. hxg5 hxg5 35. Nh3 Kg6 36. b4 axb4 37. axb4 Nd7 38. Rxe4 Ne5 39. c5 g4 40. Nf4+ Kh6 41. cxd6 1-0

[Event "Czechia KP-chTB 0607"]
[Site "Czech Republic"]
[Date "2007.03.04"]
[Round "9.4"]
[White "Kasalicky, Petr"]
[Black "Vejvoda, Radek"]
[Result "1-0"]
[WhiteElo "2067"]
[BlackElo "1721"]
[PlyCount "51"]
[EventDate "2006.10.29"]
[EventType "team"]
[EventRounds "11"]
[EventCountry "CZE"]
[SourceTitle "EXT 2008"]
[Source "ChessBase"]
[SourceDate "2007.11.25"]
[SourceVersion "1"]
[SourceVersionDate "2007.11.25"]
[SourceQuality "1"]
[WhiteTeam "Ricany II"]
[BlackTeam "Benesov"]
[WhiteTeamCountry "CZE"]
[BlackTeamCountry "CZE"]

1. e4 e5 2. Nc3 Nf6 3. f4 d5 4. fxe5 Nxe4 5. d3 Nxc3 6. bxc3 c5 7. Nf3 Nc6 8. Be2 Be7 9. 0-0 0-0 10. Qe1 f6 11. d4 Qb6 12. Kh1 cxd4 13. cxd4 Nxd4 14. Bd3 Nxf3 15. Rxf3 Qd4 16. c3 Bb4 17. Bd2 Qxe5 18. cxb4 Bd7 19. Re3 Qd6 20. Qh4 g6 21. Rae1 Rae8 22. Rxe8 Rxe8 23. Rxe8+ Bxe8 24. Bc3 Kg7 25. Qd4 a6 26. h3 1-0

[Event "Czechia KP-chTB 0607"]
[Site "Czech Republic"]
[Date "2006.12.10"]
[Round "4.4"]
[White "Kasalicky, Petr"]
[Black "Brezina, Jindrich"]
[Result "0-1"]
[WhiteElo "2067"]
[BlackElo "1817"]
[PlyCount "60"]
[EventDate "2006.10.29"]
[EventType "team"]
[EventRounds "11"]
[EventCountry "CZE"]
[SourceTitle "EXT 2008"]
[Source "ChessBase"]
[SourceDate "2007.11.25"]
[SourceVersion "1"]
[SourceVersionDate "2007.11.25"]
[SourceQuality "1"]
[WhiteTeam "Ricany II"]
[BlackTeam "Sendrazice"]
[WhiteTeamCountry "CZE"]
[BlackTeamCountry "CZE"]

1. e4 c5 2. Nc3 Nc6 3. g3 g6 4. Bg2 Bg7 5. f4 d6 6. d3 f5 7. Nf3 Nh6 8. 0-0 0-0 9. Nd5 e6 10. Ne3 Bd7 11. c3 Rb8 12. Ng5 Nf7 13. Nxf7 Rxf7 14. g4 Kh8 15. exf5 exf5 16. g5 Ne7 17. Qb3 Be8 18. h4 b5 19. Bf3 a5 20. h5 a4 21. Qc2 gxh5 22. Bxh5 Ng6 23. d4 Bd7 24. dxc5 dxc5 25. Bd2 Nxf4 26. Bxf7 Qxg5+ 27. Kf2 Qh4+ 28. Kf3 Bc6+ 29. Bd5 Bxd5+ 30. Nxd5 Qg4+ 0-1

[Event "Czechia KP-chTB 0607"]
[Site "Czech Republic"]
[Date "2006.11.12"]
[Round "2.4"]
[White "Kasalicky, Petr"]
[Black "Vlach, Josef"]
[Result "1-0"]
[WhiteElo "2067"]
[BlackElo "1842"]
[PlyCount "123"]
[EventDate "2006.10.29"]
[EventType "team"]
[EventRounds "11"]
[EventCountry "CZE"]
[SourceTitle "EXT 2008"]
[Source "ChessBase"]
[SourceDate "2007.11.25"]
[SourceVersion "1"]
[SourceVersionDate "2007.11.25"]
[SourceQuality "1"]
[WhiteTeam "Ricany II"]
[BlackTeam "Ricany III"]
[WhiteTeamCountry "CZE"]
[BlackTeamCountry "CZE"]

1. e4 e5 2. Nc3 Nc6 3. f4 exf4 4. Nf3 d6 5. d4 Bg4 6. Bxf4 Nf6 7. Bb5 a6 8. Bxc6+ bxc6 9. 0-0 Be7 10. h3 Bh5 11. Qd2 0-0 12. Rae1 Bg6 13. Rf2 Re8 14. Rfe2 Kf8 15. e5 Nd5 16. Ne4 Nxf4 17. Qxf4 d5 18. Nf6 Bxf6 19. exf6 Rxe2 20. fxg7+ Kxg7 21. Rxe2 f6 22. Re6 Be8 23. Nh4 Kf7 24. Re3 Bd7 25. Qh6 Qg8 26. Qh5+ Kf8 27. Qh6+ Kf7 28. Rf3 Qg7 29. Qf4 Rc8 30. Rg3 Qf8 31. Nf3 Ke7 32. Qh4 Qh8 33. Ne5 Rf8 34. Nd3 Rg8 35. Re3+ Kd8 36. Rf3 Rf8 37. Nc5 Bc8 38. Ra3 Qg7 39. Rxa6 Rg8 40. g4 Qe7 41. Rxc6 Qe3+ 42. Qf2 Qc1+ 43. Kh2 f5 44. Nd3 Qg5 45. Ne5 Rf8 46. gxf5 Bxf5 47. Ra6 Qg7 48. Ra8+ Bc8 49. Qh4+ Qf6 50. Qxf6+ Rxf6 51. Kg3 Rf1 52. Nc6+ Kd7 53. Nb4 Rg1+ 54. Kf4 Rf1+ 55. Kg5 Rg1+ 56. Kh5 Rb1 57. b3 Rd1 58. Nxd5 Bb7 59. Ra5 Rxd4 60. Nf6+ Ke6 61. Nxh7 Be4 62. Ng5+ 1-0